[Event "European Hybrid Qual 2021"]
[Site "Tornelo INT"]
[Date "2021.05.24"]
[Round "1.1"]
[White "Bosiocic, Marin"]
[Black "Stoyanov, Tsvetan"]
[Result "1-0"]
[WhiteTitle "GM"]
[BlackTitle "FM"]
[WhiteElo "2607"]
[BlackElo "2376"]
[WhiteFideId "14507927"]
[BlackFideId "2917173"]
[EventDate "2021.05.24"]
[EventType "k.o."]

1. d4 d5 2. Nf3 Nf6 3. c4 c6 4. Qc2 e6 5. Bg5 Nbd7 6. Nbd2 Qa5 7. a3 Ne4 8. Bf4
Be7 9. h4 h6 10. e3 f5 11. c5 Qd8 12. g3 O-O 13. Rc1 Bf6 14. b4 Re8 15. Nxe4
fxe4 16. Ne5 a5 17. b5 Nxe5 18. dxe5 Be7 19. f3 b6 20. fxe4 Bxc5 21. bxc6 Bxa3
22. Rd1 Qe7 23. Kf2 Qc5 24. Qb1 Qb4 25. Bg2 Qxb1 26. Rxb1 Bc5 27. Rhd1 dxe4 28.
Bxe4 Ra7 29. g4 Rf8 30. Kg3 a4 31. h5 a3 32. g5 a2 33. Ra1 hxg5 34. Bxg5 Bb4 35.
Rdc1 Ra5 36. Bf4 Rd8 37. Rc4 Ra4 38. Kf3 b5 39. Rcc1 Ra3 40. h6 Bc3 41. Rxc3
Rxc3 42. Rxa2 gxh6 43. Bxh6 b4 44. Rg2+ 1-0

[Event "European Hybrid Qual 2021"]
[Site "Tornelo INT"]
[Date "2021.05.25"]
[Round "1.2"]
[White "Stoyanov, Tsvetan"]
[Black "Bosiocic, Marin"]
[Result "1-0"]
[WhiteTitle "FM"]
[BlackTitle "GM"]
[WhiteElo "2376"]
[BlackElo "2607"]
[WhiteFideId "2917173"]
[BlackFideId "14507927"]
[EventDate "2021.05.24"]
[EventType "k.o."]

1. e4 c5 2. Nf3 e6 3. d4 cxd4 4. Nxd4 a6 5. Nc3 Qc7 6. Bd3 Bc5 7. Nb3 Be7 8. Qg4
g6 9. Bf4 d6 10. Qg3 Nd7 11. a4 b6 12. O-O Bb7 13. Rad1 Ne5 14. Qe3 Nf6 15. h3
O-O 16. Bg5 Rfe8 17. f4 Nxd3 18. cxd3 Nh5 19. Bxe7 Rxe7 20. Rc1 Qd8 21. g4 Ng7
22. Nd2 f5 23. Qd4 e5 24. Qc4+ Kh8 25. Nd5 Rd7 26. Nf3 Ne6 27. fxe5 Rc8 28. Qb4
Rxc1 29. Rxc1 Ng5 30. Rf1 Nxh3+ 31. Kh2 Ng5 32. Nf6 Nxf3+ 33. Rxf3 Rf7 34. Qc4
Qe7 35. g5 fxe4 36. dxe4 Qxe5+ 37. Kh3 Rf8 38. Qc7 Bc8+ 39. Kg2 Qxg5+ 40. Kf1
Qh6 41. Qc3 Qg7 42. Kg1 Bb7 43. Kf2 g5 44. Ke2 g4 45. Rf4 Rf7 46. Qd4 g3 47. Kf1
h6 48. Qxd6 Bc8 49. Kg1 Bh3 50. e5 Rf8 51. Rc4 Rf7 52. Rc7 Rf8 53. Qxf8+ 1-0

[Event "European Hybrid Qual 2021"]
[Site "Tornelo INT"]
[Date "2021.05.25"]
[Round "1.3"]
[White "Stoyanov, Tsvetan"]
[Black "Bosiocic, Marin"]
[Result "0-1"]
[WhiteTitle "FM"]
[BlackTitle "GM"]
[WhiteElo "2376"]
[BlackElo "2607"]
[WhiteFideId "2917173"]
[BlackFideId "14507927"]
[EventDate "2021.05.24"]
[EventType "k.o."]

1. e4 c5 2. Nf3 e6 3. d4 cxd4 4. Nxd4 a6 5. Nc3 Qc7 6. Bd3 Bc5 7. Nb3 Be7 8. Qg4
g6 9. Bf4 d6 10. Qg3 Nd7 11. a4 b6 12. O-O Bb7 13. Rad1 Ne5 14. Be2 h5 15. h3
Nf6 16. Qe3 Nfd7 17. Bh2 g5 18. f4 gxf4 19. Bxf4 h4 20. Bg5 Nc5 21. Bxe7 Qxe7
22. Nxc5 bxc5 23. Rd2 O-O-O 24. b4 cxb4 25. Na2 Qc7 26. Nxb4 Qc5 27. Rd4 a5 28.
Nd3 Nxd3 29. cxd3 Kb8 30. Qf2 Rc8 31. Rc4 Qxf2+ 32. Rxf2 Rxc4 33. dxc4 Rh7 34.
Bd3 e5 35. c5 Kc7 36. Rc2 Bc6 37. Bb5 Bxe4 38. cxd6+ Kxd6 39. Rc8 f5 40. Rd8+
Kc5 41. Re8 Kd4 42. Rd8+ Ke3 43. Re8 Kf4 44. Rc8 Bb7 45. Rc5 e4 46. Bf1 Rd7 47.
Rxa5 Rd1 48. Kf2 e3+ 49. Ke2 Ra1 50. Ra7 Bd5 51. Rc7 Rxa4 52. Kd3 Be4+ 53. Kc3
Ra1 54. Be2 Rc1+ 0-1

[Event "European Hybrid Qual 2021"]
[Site "Tornelo INT"]
[Date "2021.05.25"]
[Round "1.4"]
[White "Bosiocic, Marin"]
[Black "Stoyanov, Tsvetan"]
[Result "0-1"]
[WhiteTitle "GM"]
[BlackTitle "FM"]
[WhiteElo "2607"]
[BlackElo "2376"]
[WhiteFideId "14507927"]
[BlackFideId "2917173"]
[EventDate "2021.05.24"]
[EventType "k.o."]

1. d4 Nf6 2. Nf3 e6 3. g3 d5 4. Bg2 b5 5. O-O Bb7 6. a4 b4 7. a5 c5 8. c3 Nbd7
9. a6 Bc6 10. dxc5 Bxc5 11. Nd4 Bxd4 12. Qxd4 bxc3 13. Nxc3 O-O 14. f4 Qe7 15.
b4 Rfb8 16. Ba3 Bb5 17. Rfd1 Qe8 18. Bb2 Bc4 19. b5 Bxb5 20. Nxb5 Rxb5 21. e4
Rab8 22. Ra2 dxe4 23. Ba1 Rd5 24. Rad2 Rxd4 25. Bxd4 Nd5 26. Bxe4 f5 27. Bd3
N7b6 28. Re2 Qa4 29. Bc2 Qc4 30. Rdd2 Nb4 31. Bd1 Nxa6 32. Bb2 Nc5 33. Rc2 Qb5
34. h4 Rd8 0-1

[Event "European Hybrid Qual 2021"]
[Site "Tornelo INT"]
[Date "2021.05.25"]
[Round "1.5"]
[White "Stoyanov, Tsvetan"]
[Black "Bosiocic, Marin"]
[Result "1-0"]
[WhiteTitle "FM"]
[BlackTitle "GM"]
[WhiteElo "2376"]
[BlackElo "2607"]
[WhiteFideId "2917173"]
[BlackFideId "14507927"]
[EventDate "2021.05.24"]
[EventType "k.o."]

1. e4 c5 2. Nf3 e6 3. d4 cxd4 4. Nxd4 a6 5. Nc3 Qc7 6. Bd3 Bc5 7. Nb3 Be7 8. Qg4
g6 9. Bf4 d6 10. Qg3 Nd7 11. a4 b6 12. O-O Bb7 13. Rad1 Ne5 14. Be2 h5 15. h3
Nf6 16. Qe3 Nfd7 17. Bg5 Bxg5 18. Qxg5 h4 19. Qe3 Nc5 20. f4 Ned7 21. Kh2 Rd8
22. Qd4 Ke7 23. Nd2 e5 24. Qe3 exf4 25. Qxf4 Ne5 26. Nc4 Ncd7 27. Nxe5 Nxe5 28.
Qf6+ Ke8 29. Qxh8+ Kd7 30. Qxe5 1-0

[Event "European Hybrid Qual 2021"]
[Site "Tornelo INT"]
[Date "2021.05.24"]
[Round "1.1"]
[White "Heberla, Bartlomiej"]
[Black "Shubin, Kirill"]
[Result "1-0"]
[WhiteTitle "GM"]
[BlackTitle "IM"]
[WhiteElo "2556"]
[BlackElo "2481"]
[WhiteFideId "1115120"]
[BlackFideId "34119962"]
[EventDate "2021.05.24"]
[EventType "k.o."]

1. e4 e6 2. d4 d5 3. Nc3 Bb4 4. exd5 exd5 5. Bd3 c6 6. Qf3 Qf6 7. Bf4 Ne7 8. Qg3
Nd7 9. O-O-O h6 10. Nf3 O-O 11. h4 Ng6 12. Bc7 b6 13. h5 Ne7 14. a3 Bxc3 15.
bxc3 c5 16. Rde1 c4 17. Bf1 Re8 18. Rh4 Kh7 19. Qh2 Nf8 20. Rf4 Qc6 21. Rxf7 Be6
22. Rxf8 Rxf8 23. Qd6 Rac8 24. Qxe7 Rfe8 25. Rxe6 Qxe6 26. Qxe6 Rxe6 27. Bg3 b5
28. Ne5 a5 29. Be2 Ra6 30. Kd2 Kg8 31. Bf3 Rd8 32. Bh4 1-0

[Event "European Hybrid Qual 2021"]
[Site "Tornelo INT"]
[Date "2021.05.25"]
[Round "1.2"]
[White "Shubin, Kirill"]
[Black "Heberla, Bartlomiej"]
[Result "1-0"]
[WhiteTitle "IM"]
[BlackTitle "GM"]
[WhiteElo "2481"]
[BlackElo "2556"]
[WhiteFideId "34119962"]
[BlackFideId "1115120"]
[EventDate "2021.05.24"]
[EventType "k.o."]

1. e4 c6 2. d4 d5 3. exd5 cxd5 4. Bd3 Nc6 5. c3 Qc7 6. Na3 a6 7. Nc2 Nf6 8. h3
g6 9. Ne2 Bg7 10. Bf4 Qb6 11. Rb1 O-O 12. Ne3 Re8 13. O-O Bd7 14. Bg5 e6 15. Nf4
Qc7 16. h4 h6 17. Bxf6 Bxf6 18. Qg4 Ne7 19. Qg3 Rac8 20. Rfe1 Bg7 21. Ng4 Nc6
22. Re3 h5 23. Nxh5 gxh5 24. Nf6+ Kf8 25. Nh7+ Kg8 26. Qg5 f5 27. Nf6+ Kf7 28.
Nxe8 Rxe8 29. Qxh5+ Kf8 30. Rbe1 Qf4 31. Bxf5 Qh6 32. Qxh6 Bxh6 33. Bxe6 Rxe6
34. Rxe6 Bd2 35. Rf6+ Kg7 36. Rd6 Bg4 37. Re8 Bh5 38. Rd7+ Kf6 39. Rf8+ Ke6 40.
Rxb7 Na5 41. Rb6+ Ke7 42. Rh8 1-0

[Event "European Hybrid Qual 2021"]
[Site "Tornelo INT"]
[Date "2021.05.25"]
[Round "1.4"]
[White "Heberla, Bartlomiej"]
[Black "Shubin, Kirill"]
[Result "1-0"]
[WhiteTitle "GM"]
[BlackTitle "IM"]
[WhiteElo "2556"]
[BlackElo "2481"]
[WhiteFideId "1115120"]
[BlackFideId "34119962"]
[EventDate "2021.05.24"]
[EventType "k.o."]

1. d4 e6 2. Nf3 Nf6 3. c4 b6 4. e3 Bb7 5. Bd3 d5 6. b3 Nbd7 7. O-O Bd6 8. cxd5
exd5 9. Ba3 Qe7 10. Bxd6 Qxd6 11. Nc3 a6 12. Qc2 O-O 13. Rac1 Rfe8 14. Rfd1 c6
15. Ne2 Ne4 16. Ng3 Nxg3 17. hxg3 g6 18. Qe2 a5 19. Qb2 Qf6 20. Rc2 Qd6 21. Rdc1
Nf6 22. Ne5 Rac8 23. Rb1 c5 24. Rbc1 Rc7 25. Nf3 Rec8 26. Qa3 Nd7 27. Bb5 Bc6
28. dxc5 Nxc5 29. Nd4 Bd7 30. Ba6 Ra8 31. Be2 Rcc8 32. Bf3 Rd8 33. Rd1 Qe5 34.
Qb2 Rac8 35. Ne2 Qxb2 36. Rxb2 Bc6 37. Rbd2 Re8 38. Rc2 Ne4 39. Bxe4 dxe4 40.
Rd6 Bb5 41. Rxc8 Rxc8 42. Nd4 Bd3 43. g4 a4 44. Rxb6 Rc1+ 45. Kh2 Ra1 46. bxa4
Rxa2 47. Rb4 Rxf2 48. Kg3 Ra2 49. g5 Bf1 50. Kf4 Bxg2 51. Rb8+ Kg7 52. Rb7 Bh3
53. Ra7 h6 54. gxh6+ Kxh6 55. a5 f5 56. a6 Bf1 57. Ne6 Rxa6 58. Re7 Ra2 59. Nf8
Ra8 60. Rh7# 1-0

[Event "European Hybrid Qual 2021"]
[Site "Tornelo INT"]
[Date "2021.05.25"]
[Round "1.5"]
[White "Shubin, Kirill"]
[Black "Heberla, Bartlomiej"]
[Result "0-1"]
[WhiteTitle "IM"]
[BlackTitle "GM"]
[WhiteElo "2481"]
[BlackElo "2556"]
[WhiteFideId "34119962"]
[BlackFideId "1115120"]
[EventDate "2021.05.24"]
[EventType "k.o."]

1. e4 c6 2. d4 d5 3. exd5 cxd5 4. Bd3 Nc6 5. c3 Qc7 6. Na3 a6 7. Nc2 e6 8. Nf3
Bd6 9. O-O Nge7 10. b3 O-O 11. Bb2 f6 12. c4 b6 13. Re1 Bd7 14. Rc1 Bf4 15. Ne3
Qb7 16. Bb1 Be8 17. Ba3 Bh5 18. cxd5 exd5 19. Rxc6 Nxc6 20. Bxf8 Rxf8 21. Nxd5
Bd6 22. Be4 Qb8 23. h3 Nb4 24. Nxb4 Bxb4 25. Rf1 f5 26. Bd5+ Kh8 27. Qd3 Qd6 28.
Bb7 Bxf3 29. Bxf3 a5 30. d5 g6 31. Rc1 Bc5 32. Re1 Qf4 33. Qe2 Kg7 34. Rd1 Qd6
35. Re1 Rd8 36. Qb2+ Qf6 37. Qc2 Rd7 38. g3 Re7 39. Rd1 Qe5 40. Kg2 Bb4 41. Qd3
Qc3 42. Qb5 Qc5 43. Qa6 Qd6 44. Qd3 Re5 45. Qc4 Bc5 46. Qd3 h5 47. Rd2 h4 48.
Rc2 hxg3 49. fxg3 Re3 50. Qd1 Qe5 51. Re2 Rxe2+ 52. Bxe2 Qe3 0-1

[Event "European Hybrid Qual 2021"]
[Site "Tornelo INT"]
[Date "2021.05.24"]
[Round "1.1"]
[White "Bindrich, Falko"]
[Black "Haria, Ravi"]
[Result "0-1"]
[WhiteTitle "GM"]
[BlackTitle "IM"]
[WhiteElo "2584"]
[BlackElo "2440"]
[WhiteFideId "4676670"]
[BlackFideId "415820"]
[EventDate "2021.05.24"]
[EventType "k.o."]

1. c4 e6 2. g3 d5 3. Bg2 Nf6 4. Nf3 Be7 5. O-O O-O 6. b3 b6 7. Bb2 Bb7 8. e3 c5
9. d3 Qc8 10. Nbd2 Nc6 11. Qe2 Qc7 12. a3 Rad8 13. Rad1 Rfe8 14. Ne1 e5 15. f4
exf4 16. gxf4 d4 17. e4 Bd6 18. e5 Nxe5 19. fxe5 Rxe5 20. Ne4 Nxe4 21. Bxe4 Qe7
22. Nf3 f5 23. Nxe5 fxe4 24. Rf7 Qg5+ 25. Qg2 Qxg2+ 26. Kxg2 Ba8 27. Rf5 g6 28.
Rg5 e3+ 29. Kg1 Re8 30. Ng4 Bf4 31. Nf6+ Kf7 32. Nxe8 e2 33. Rf1 exf1=Q+ 34.
Kxf1 Bxg5 35. Nc7 Bc6 36. Nb5 a6 0-1

[Event "European Hybrid Qual 2021"]
[Site "Tornelo INT"]
[Date "2021.05.25"]
[Round "1.2"]
[White "Haria, Ravi"]
[Black "Bindrich, Falko"]
[Result "1-0"]
[WhiteTitle "IM"]
[BlackTitle "GM"]
[WhiteElo "2440"]
[BlackElo "2584"]
[WhiteFideId "415820"]
[BlackFideId "4676670"]
[EventDate "2021.05.24"]
[EventType "k.o."]

1. e4 c5 2. Nf3 d6 3. Bb5+ Nd7 4. a4 a6 5. Be2 Ngf6 6. Nc3 b6 7. d4 cxd4 8. Qxd4
Bb7 9. O-O e6 10. Rd1 Qc7 11. Be3 Be7 12. Nd2 O-O 13. Nc4 e5 14. Qd2 Rfd8 15. f3
Rab8 16. a5 b5 17. Nb6 Bc6 18. Ncd5 Bxd5 19. Nxd5 Nxd5 20. exd5 Rdc8 21. Rac1
Qd8 22. b4 h6 23. c4 bxc4 24. Bxc4 Ra8 25. Be2 Rxc1 26. Rxc1 Bg5 27. Bxg5 hxg5
28. Rc6 e4 29. fxe4 Ne5 30. Rxa6 Rc8 31. b5 Rc5 32. Bf1 g4 33. b6 Qc8 34. Ra7
Kh7 35. Qf2 g6 36. b7 1-0

[Event "European Hybrid Qual 2021"]
[Site "Tornelo INT"]
[Date "2021.05.24"]
[Round "1.1"]
[White "Santos Latasa, Jaime"]
[Black "Nikolovski, Nikola"]
[Result "1-0"]
[WhiteTitle "GM"]
[BlackTitle "IM"]
[WhiteElo "2608"]
[BlackElo "2443"]
[WhiteFideId "2293307"]
[BlackFideId "15002314"]
[EventDate "2021.05.24"]
[EventType "k.o."]

1. d4 e6 2. Nf3 f5 3. g3 Nf6 4. Bg2 Be7 5. O-O O-O 6. b3 d6 7. Bb2 Ne4 8. Nbd2
Bf6 9. Nxe4 fxe4 10. Ne1 d5 11. f3 exf3 12. exf3 c5 13. f4 Nc6 14. c3 Qb6 15.
Nf3 a5 16. Kh1 cxd4 17. cxd4 Bd7 18. Re1 Rfe8 19. Bc3 a4 20. bxa4 Na5 21. Rb1
Qc7 22. Bxa5 Rxa5 23. Qb3 Bc6 24. Bh3 Qd6 25. Qe3 Rxa4 26. Bxe6+ Kh8 27. Re2 g6
28. g4 Ra3 29. Rb3 Rxb3 30. axb3 Bb5 31. Re1 Qa6 32. f5 Bd3 33. Ne5 Be4+ 34. Kg1
Qa2 35. Nxg6+ Kg7 36. Nf4 Bg5 37. Nh5+ Kf8 38. Qf2 Bd2 39. Nf6 Ra8 40. Nxe4 Bxe1
41. Qxe1 Qa1 42. Qxa1 Rxa1+ 43. Kf2 dxe4 44. f6 h6 45. d5 Rd1 46. h4 Rd3 47. g5
hxg5 48. hxg5 Rxb3 49. d6 Rf3+ 50. Ke2 Ke8 51. d7+ Kd8 52. f7 Ke7 53. g6 Rd3 54.
g7 1-0

[Event "European Hybrid Qual 2021"]
[Site "Tornelo INT"]
[Date "2021.05.25"]
[Round "1.2"]
[White "Nikolovski, Nikola"]
[Black "Santos Latasa, Jaime"]
[Result "1/2-1/2"]
[WhiteTitle "IM"]
[BlackTitle "GM"]
[WhiteElo "2443"]
[BlackElo "2608"]
[WhiteFideId "15002314"]
[BlackFideId "2293307"]
[EventDate "2021.05.24"]
[EventType "k.o."]

1. e4 e5 2. Nf3 Nc6 3. Bc4 Bc5 4. O-O Nf6 5. d3 d6 6. c3 a5 7. Re1 O-O 8. h3 h6
9. Nbd2 Be6 10. Bb5 Qb8 11. Nf1 Qa7 12. Re2 a4 13. Ng3 Qa5 14. Bxc6 bxc6 15. d4
Bb6 16. Nh4 Rfe8 17. Kh2 Rad8 18. Rd2 exd4 19. cxd4 g5 20. Nf3 g4 21. Nh4 gxh3
22. gxh3 Qg5 23. Ng2 Kh8 24. f4 Qg7 25. Nh4 Qh7 26. f5 Bc8 27. Qf3 Re7 28. b3
Ba5 29. Rg2 Rde8 30. d5 cxd5 31. Bb2 Re5 32. exd5 Bb7 33. Rd1 h5 34. Ne4 Nxe4
35. Qxe4 a3 36. Ba1 Qh6 37. Qa4 Kh7 38. Bxe5 Rxe5 39. Rdg1 Bb6 40. Rg7+ Qxg7 41.
Rxg7+ Kxg7 42. Qf4 Re2+ 43. Kg3 Re3+ 44. Kg2 Re2+ 45. Kg3 Re3+ 46. Nf3 Bxd5 47.
Qg5+ Kf8 48. Qd8+ Kg7 49. Qg5+ Kf8 50. Qd8+ Kg7 51. Qg5+ 1/2-1/2

[Event "European Hybrid Qual 2021"]
[Site "Tornelo INT"]
[Date "2021.05.24"]
[Round "1.1"]
[White "Afanasiev, Nikita"]
[Black "Vrolijk, Liam"]
[Result "1-0"]
[WhiteTitle "GM"]
[BlackTitle "IM"]
[WhiteElo "2522"]
[BlackElo "2480"]
[WhiteFideId "24183555"]
[BlackFideId "1048333"]
[EventDate "2021.05.24"]
[EventType "k.o."]

1. e4 e5 2. Nf3 Nc6 3. Bc4 Bc5 4. c3 Nf6 5. d3 d6 6. h3 O-O 7. Nbd2 Ne7 8. O-O
Ng6 9. a4 a5 10. Re1 c6 11. Nf1 d5 12. exd5 cxd5 13. Bb3 Bd6 14. Bg5 Be6 15. Nh4
Nxh4 16. Bxh4 Re8 17. Ng3 h6 18. Nh5 g5 19. Bg3 Nxh5 20. Qxh5 Kg7 21. Bxe5+ Bxe5
22. Rxe5 Qb6 23. Qd1 f6 24. Re1 Bf7 25. Qc2 h5 26. Ba2 d4 27. Bxf7 Kxf7 28. Re2
g4 29. Rae1 gxh3 30. Qd1 Qc6 31. Re4 Re5 32. f4 Rf5 33. Qf3 1-0

[Event "European Hybrid Qual 2021"]
[Site "Tornelo INT"]
[Date "2021.05.25"]
[Round "1.2"]
[White "Vrolijk, Liam"]
[Black "Afanasiev, Nikita"]
[Result "1/2-1/2"]
[WhiteTitle "IM"]
[BlackTitle "GM"]
[WhiteElo "2480"]
[BlackElo "2522"]
[WhiteFideId "1048333"]
[BlackFideId "24183555"]
[EventDate "2021.05.24"]
[EventType "k.o."]

1. d4 d5 2. Nf3 Nf6 3. Bf4 c5 4. e3 Nc6 5. Nbd2 cxd4 6. exd4 Qb6 7. Nb3 Bg4 8.
Be2 e6 9. O-O Be7 10. a4 a6 11. a5 Qd8 12. Ne5 Bxe2 13. Qxe2 Rc8 14. c3 O-O 15.
Rfe1 Nd7 16. Nxc6 Rxc6 17. Nc1 Re8 18. g3 Nf6 19. Bg5 Ne4 20. Bxe7 Qxe7 21. Nd3
Rcc8 22. Kg2 g6 23. Qe3 Nd6 24. Nc5 Qc7 25. Qg5 Nc4 26. h4 Qe7 27. Re2 Kg7 28.
Nd3 Qf6 29. Nc5 Rc7 30. b3 Nd6 31. Qe3 h5 32. Ra4 Rec8 33. Rb4 Nb5 34. Qd3 Nxc3
35. Qxc3 Rxc5 36. Qxc5 Rxc5 37. dxc5 Qe7 38. Rc2 Qc7 39. Rb6 Qe5 40. Rc1 Qb2 41.
Rf1 Qc2 42. Rxb7 d4 43. Rd7 Qxc5 44. Kg1 e5 45. Re1 Qxa5 46. Rc1 Qa3 47. Re1 Qa5
48. Rc1 Qa3 49. Re1 Qa5 1/2-1/2

[Event "European Hybrid Qual 2021"]
[Site "Tornelo INT"]
[Date "2021.05.24"]
[Round "1.1"]
[White "Mastrovasilis, Dimitrios"]
[Black "Sokolovsky, Yahli"]
[Result "1/2-1/2"]
[WhiteTitle "GM"]
[BlackTitle "FM"]
[WhiteElo "2609"]
[BlackElo "2431"]
[WhiteFideId "4202694"]
[BlackFideId "2820242"]
[EventDate "2021.05.24"]
[EventType "k.o."]

1. e4 e5 2. Nf3 Nc6 3. Bc4 Bc5 4. c3 Nf6 5. d4 exd4 6. e5 d5 7. Be2 Ne4 8. cxd4
Bb4+ 9. Bd2 Nxd2 10. Nbxd2 O-O 11. O-O f6 12. a3 Ba5 13. Bb5 Bb6 14. Bxc6 bxc6
15. Rc1 fxe5 16. Nxe5 Ba6 17. Re1 Bxd4 18. Ndf3 Bxe5 19. Nxe5 Bb7 20. Qd4 Qf6
21. b4 Rae8 22. h3 Re7 23. Nf3 Qxd4 24. Nxd4 Rfe8 25. Rxe7 Rxe7 26. Nxc6 Bxc6
27. Rxc6 Re1+ 28. Kh2 Ra1 29. Rxc7 Rxa3 30. Rd7 Rb3 31. Rxd5 Rxb4 32. Rd8+ Kf7
33. Rd7+ Kf6 34. Rxa7 h5 35. g3 g6 36. Kg2 Rb3 37. Ra4 Rc3 38. Rf4+ Ke5 39. Rf8
Rc4 40. Kf3 Rc3+ 41. Kg2 Rc4 42. h4 Rc3 43. Kh3 Ke6 44. Rf4 Ke5 45. f3 Rc8 46.
Ra4 Rc3 47. Re4+ Kf6 48. Kg2 Rc2+ 49. Kf1 Ra2 50. Re2 Ra3 51. Kf2 Rb3 52. Rd2
Ke5 53. Ke2 Ra3 54. Rd3 Ra2+ 55. Rd2 Ra3 56. Rc2 Rb3 57. Rc5+ Ke6 58. Rc6+ Kf5
59. Rd6 Rb1 60. Rd5+ Ke6 61. Rd1 Rb2+ 62. Ke3 Ke5 63. Rd8 Rg2 64. Re8+ Kf5 65.
Rf8+ Ke5 66. f4+ Ke6 67. Kf3 Ra2 68. f5+ gxf5 69. Rh8 Ra3+ 70. Kf4 Ra4+ 71. Kf3
Ra3+ 72. Kg2 Ra2+ 73. Kh3 Ra3 74. Rh6+ Ke5 75. Rxh5 Ke4 76. Rh8 f4 77. Re8+ Kd4
78. Kg4 fxg3 79. Kh3 g2+ 80. Kxg2 Rb3 81. Re1 Kd5 82. h5 Kd6 83. h6 Rb8 84. Kf3
Rh8 85. Rh1 Ke6 86. Kg4 Kf7 87. Kf5 Ra8 88. h7 Kg7 1/2-1/2

[Event "European Hybrid Qual 2021"]
[Site "Tornelo INT"]
[Date "2021.05.25"]
[Round "1.2"]
[White "Sokolovsky, Yahli"]
[Black "Mastrovasilis, Dimitrios"]
[Result "1-0"]
[WhiteTitle "FM"]
[BlackTitle "GM"]
[WhiteElo "2431"]
[BlackElo "2609"]
[WhiteFideId "2820242"]
[BlackFideId "4202694"]
[EventDate "2021.05.24"]
[EventType "k.o."]

1. e4 c5 2. Nf3 Nc6 3. d4 cxd4 4. Nxd4 e5 5. Nb5 d6 6. c4 g6 7. N1c3 a6 8. Na3
Be6 9. Be3 Bg7 10. Be2 Nf6 11. O-O O-O 12. h3 Rc8 13. Rc1 Nd4 14. Bd3 Nd7 15.
Nd5 Nc5 16. Bb1 Bxd5 17. cxd5 b5 18. b4 Na4 19. Qd2 Qd7 20. Nc2 Nc3 21. Bxd4
exd4 22. Rfe1 Rc4 23. Na1 Rxb4 24. Bd3 Ra4 25. Rc2 Qd8 26. Nb3 Qh4 27. Rb2 Re8
28. Kh2 Bh6 29. Qc2 Qf4+ 30. g3 Qf3 31. Bf1 Bg7 32. Bg2 Qf6 33. f4 g5 34. e5
dxe5 35. fxe5 Rxe5 36. Rf1 Qb6 37. Qf2 f5 38. Rd2 Nxd5 39. Nxd4 Ne3 40. Nc6 Re8
41. Re1 Bc3 42. Rd8 Qxd8 43. Rxe3 Rxe3 44. Nxd8 f4 45. gxf4 gxf4 46. Qh4 Be5 47.
Bd5+ Kf8 48. Ne6+ Ke8 49. Qd8+ Kf7 50. Qf8+ Kg6 51. Qg8+ 1-0

[Event "European Hybrid Qual 2021"]
[Site "Tornelo INT"]
[Date "2021.05.24"]
[Round "1.1"]
[White "Jianu, Vlad-Cristian"]
[Black "Petkov, Momchil"]
[Result "1/2-1/2"]
[WhiteTitle "GM"]
[BlackTitle "FM"]
[WhiteElo "2527"]
[BlackElo "2426"]
[WhiteFideId "1208110"]
[BlackFideId "2921642"]
[EventDate "2021.05.24"]
[EventType "k.o."]

1. d4 Nf6 2. Nf3 g6 3. c4 Bg7 4. Nc3 d5 5. cxd5 Nxd5 6. e4 Nxc3 7. bxc3 c5 8.
Be3 Qa5 9. Qd2 O-O 10. Rb1 cxd4 11. cxd4 Qxd2+ 12. Nxd2 Rd8 13. d5 e6 14. Bc4
exd5 15. Bxd5 Nd7 16. O-O Nb6 17. Bxb6 axb6 18. Rxb6 Bd4 19. Rb5 Be6 20. Nb3
Bxd5 21. exd5 Bf6 22. Rd1 Rxa2 23. Rxb7 Rc8 24. Rb6 Kg7 25. Rc6 Rb8 26. Nc1 Ra1
27. g3 Bb2 28. Rf1 Ra5 29. Nd3 Rxd5 30. Nxb2 Rxb2 31. h4 h5 32. Rc3 1/2-1/2

[Event "European Hybrid Qual 2021"]
[Site "Tornelo INT"]
[Date "2021.05.25"]
[Round "1.2"]
[White "Petkov, Momchil"]
[Black "Jianu, Vlad-Cristian"]
[Result "1/2-1/2"]
[WhiteTitle "FM"]
[BlackTitle "GM"]
[WhiteElo "2426"]
[BlackElo "2527"]
[WhiteFideId "2921642"]
[BlackFideId "1208110"]
[EventDate "2021.05.24"]
[EventType "k.o."]

1. e4 e6 2. d4 d5 3. e5 c5 4. c3 Qb6 5. Nf3 Nc6 6. Be2 cxd4 7. cxd4 Nh6 8. Bxh6
gxh6 9. Qd2 Bd7 10. O-O Bg7 11. Nc3 O-O 12. Rac1 Rac8 13. Bd3 f6 14. exf6 Rxf6
15. Ne5 Nxe5 16. dxe5 Rf7 17. Na4 Qd8 18. Nc5 Bxe5 19. Nxd7 Qxd7 20. Qxh6 Bxb2
21. Bb5 Bxc1 22. Bxd7 Bxh6 23. Bxc8 Re7 24. f4 Kf7 25. Re1 Bxf4 26. Rf1 Rc7 27.
Rxf4+ Ke7 28. Bxe6 Kxe6 29. Ra4 a6 30. Kf2 Ke5 31. Rh4 b5 32. Ke3 Rc3+ 33. Kd2
Ra3 34. g4 Rxa2+ 35. Kd3 Ra3+ 36. Kd2 Ke4 37. g5+ Kf5 38. Rxh7 Kxg5 39. Rd7 Rh3
40. Rxd5+ Kf4 41. Rd6 Rxh2+ 42. Kc3 Ra2 43. Kb3 Ra4 44. Rh6 Ke5 45. Rg6 Kd5 46.
Rh6 Kc5 47. Rg6 Kd5 48. Rh6 Ke5 49. Rg6 Kf5 50. Rh6 Kg5 51. Rd6 Kf4 52. Rh6 Ke3
53. Rh3+ Kf2 54. Rh2+ Kg3 55. Rh6 Kg4 56. Rb6 Kg5 57. Rc6 Kf4 58. Rh6 1/2-1/2

[Event "European Hybrid Qual 2021"]
[Site "Tornelo INT"]
[Date "2021.05.25"]
[Round "1.3"]
[White "Petkov, Momchil"]
[Black "Jianu, Vlad-Cristian"]
[Result "1/2-1/2"]
[WhiteTitle "FM"]
[BlackTitle "GM"]
[WhiteElo "2426"]
[BlackElo "2527"]
[WhiteFideId "2921642"]
[BlackFideId "1208110"]
[EventDate "2021.05.24"]
[EventType "k.o."]

1. e4 d6 2. d4 Nf6 3. Nc3 g6 4. Be3 Bg7 5. Qd2 O-O 6. f3 e5 7. Nge2 exd4 8. Nxd4
d5 9. O-O-O dxe4 10. Nxe4 Nxe4 11. fxe4 Nd7 12. Bh6 Bxh6 13. Qxh6 Qe7 14. Nf3
Ne5 15. Qf4 Ng4 16. Rd2 Be6 17. h3 Nf6 18. Qh4 Rfe8 19. Bd3 Nh5 20. Qxe7 Rxe7
21. e5 Bd5 22. Re1 Bxf3 23. gxf3 Rae8 24. Bc4 Kg7 25. Rd4 g5 26. h4 h6 27. hxg5
hxg5 28. Rg1 f6 29. f4 fxe5 30. Rxg5+ Kf6 31. Rxe5 Rxe5 32. fxe5+ Rxe5 33. Bd5
Ng3 34. Bf3 c6 35. Rd7 Re3 36. Bd1 Re7 37. Rxe7 Kxe7 38. Kd2 Kd6 39. Ke3 Nf5+
40. Ke4 Ne7 41. Bh5 a5 42. Bf7 a4 43. Kd4 b5 44. a3 Nf5+ 45. Ke4 Ne7 46. Kd4
Nf5+ 47. Ke4 Ne7 48. Kd4 1/2-1/2

[Event "European Hybrid Qual 2021"]
[Site "Tornelo INT"]
[Date "2021.05.25"]
[Round "1.4"]
[White "Jianu, Vlad-Cristian"]
[Black "Petkov, Momchil"]
[Result "0-1"]
[WhiteTitle "GM"]
[BlackTitle "FM"]
[WhiteElo "2527"]
[BlackElo "2426"]
[WhiteFideId "1208110"]
[BlackFideId "2921642"]
[EventDate "2021.05.24"]
[EventType "k.o."]

1. d4 Nf6 2. Nf3 g6 3. Nbd2 d5 4. b4 Bg7 5. e3 O-O 6. Bb2 a5 7. b5 a4 8. Rc1 c6
9. c4 dxc4 10. bxc6 b5 11. Ne5 Nd5 12. Ndf3 Nb4 13. a3 N4xc6 14. Nxc6 Nxc6 15.
Be2 Bb7 16. O-O Na5 17. Qc2 Qd5 18. Rfd1 Nb3 19. Rb1 Qe4 20. Qc3 Qf5 21. Nd2
Rac8 22. Bf1 Nxd2 23. Qxd2 Rfd8 24. Bc3 Bc6 25. Qb2 Qd5 26. Rd2 Qg5 27. Rbd1 h5
28. h3 h4 29. Re1 Be4 30. Kh1 e5 31. dxe5 Rxd2 32. Qxd2 Bxe5 33. Rd1 Bxc3 34.
Qxc3 Rd8 35. Rc1 Qe7 36. Be2 Qd7 37. f3 Bd3 38. Rd1 Qe7 39. Bxd3 Qxe3 40. Re1
Qxd3 41. Qf6 c3 0-1